
Library Catalogue

| 000 -LEADER | |
|---|---|
| fixed length control field | 02090nam a2200217Ia 4500 |
| 003 - CONTROL NUMBER IDENTIFIER | |
| control field | OSt |
| 005 - DATE AND TIME OF LATEST TRANSACTION | |
| control field | 20210626154035.0 |
| 008 - FIXED-LENGTH DATA ELEMENTS--GENERAL INFORMATION | |
| fixed length control field | 160316s2011 xxu||||| |||| 00| 0 eng d |
| 020 ## - INTERNATIONAL STANDARD BOOK NUMBER | |
| International Standard Book Number | 9781138664975 |
| 040 ## - CATALOGING SOURCE | |
| Transcribing agency | NLS |
| 082 ## - DEWEY DECIMAL CLASSIFICATION NUMBER | |
| Classification number | 954.031 MAZ |
| 100 ## - MAIN ENTRY--PERSONAL NAME | |
| Personal name | Mazumdar Shaswati |
| 245 ## - TITLE STATEMENT | |
| Title | Insurgent sepoys : Europe views the revolt of 1857 |
| 260 ## - PUBLICATION, DISTRIBUTION, ETC. | |
| Place of publication, distribution, etc. | London |
| Name of publisher, distributor, etc. | Routledge |
| Date of publication, distribution, etc. | 2011 |
| 300 ## - PHYSICAL DESCRIPTION | |
| Extent | 305p |
| Dimensions | xiii |
| 365 ## - TRADE PRICE | |
| Price amount | Rs. 795 |
| 505 ## - FORMATTED CONTENTS NOTE | |
| Formatted contents note | Contents:<br/>Introduction;<br/>Part I. News and Views;<br/>1. German Responses: Theodor Fontane, Edgar Bauer, Wilhelm Liebknecht Claudia Reichel;<br/>2. French Counter-Narratives: Nationalisme, Patriotisme and Revolution Nicola Frith;<br/>3. Freedom and Democracy: The Revolt in the Italian Press Chiara Cherubini;<br/>4. A View of the Revolt in the Spanish Press Vibha Maurya and Maneesha Taneja;<br/>5. The Rebellion in Hungarian Newspapers and Journals Margit Koves;<br/>6. Czech Representations of India and the Rebellion, 1850-1930 Sarah Lemmen;<br/>7. Bulgarska Dnevnitsa: A Bulgarian response to the Uprising Rashmi Joshi;<br/>Part II. Fact and Fiction;<br/>8. Retcliffe's Nena Sahib and the German Discourse on India Anil Bhatti;<br/>9. The Rebellion of an Indian Temple Dancer Carola Hilmes;<br/>10. The Stirring Story of the 'Cipays': Italian Narrative Responses Flaminia Nicora;<br/>11. 'Remember Cawnpore': The 'Massacre' in the Voice of Italian Narrators Sharmistha Lahiri;<br/>12. Emilio Salgari's The Two Tigers: Exoticism, Anti-Imperialism and Ambivalence Alessandro Portelli;<br/>13. Lost in Translation: Jules Verne and the Indian Rebellion Swati Dasgupta;<br/>14. 'A Great Insurrection': Jules Verne and British 'Mutiny' Fiction Suchitra Choudhury;<br/>15. The Rebellion in a 19th Century Indo-Portuguese Novel Everton V. Machado;<br/>16. Francisco Luis Gomes's 'Os Brahamanes': The Uprising and Anglo Indian Society Balaji Ranganathan;<br/>17. The Dragon of Fire: A Dramatic Representation of the Revolt Vijaya Venkataraman. <br/>About the Editor. <br/>Notes on Contributors. <br/>Index. |
| 650 ## - SUBJECT ADDED ENTRY--TOPICAL TERM | |
| Topical term or geographic name entry element | 1. British Administration - Europe Revolt - 1857 |
| 700 ## - ADDED ENTRY--PERSONAL NAME | |
| Personal name | |
| -- | |
| 942 ## - ADDED ENTRY ELEMENTS (KOHA) | |
| Source of classification or shelving scheme | Dewey Decimal Classification |
| Koha item type | BOOKs |
| Withdrawn status | Lost status | Damaged status | Not for loan | Home library | Current library | Shelving location | Date acquired | Cost, normal purchase price | Total Checkouts | Full call number | Barcode | Date last seen | Price effective from | Koha item type |
|---|---|---|---|---|---|---|---|---|---|---|---|---|---|---|
| . | . | 30.05.2017 | 795.00 | 954.031 MAZ | 27294 | 30.05.2017 | 30.05.2017 | BOOKs |